|
|
|
|
| LEADER |
00000nam a2200000 4500 |
| 001 |
vtls011889232 |
| 003 |
SK-MaSNL |
| 005 |
20260331211155.0 |
| 008 |
220509s2019 xo oa e c 000 0dslo |
| 015 |
|
|
|a SNBE2019
|
| 020 |
|
|
|a 9788080592226
|q (brožované)
|
| 035 |
|
|
|a urn:nbn:sk:snk-am00gec0
|
| 035 |
|
|
|a urn:nbn:sk:snk-am3j5qb
|
| 035 |
|
|
|a 62527443-B83C-4EBD-A0AD-5E5E7695CA06
|
| 040 |
|
|
|a SNK
|b slo
|c SNK
|e rda
|
| 041 |
0 |
|
|a slo
|
| 043 |
|
|
|a e-xo---
|
| 044 |
|
|
|a xo
|c SK
|
| 072 |
|
7 |
|a 75
|x Maliarstvo
|2 konspekt
|
| 072 |
|
7 |
|a 929
|x Biografie
|2 konspekt
|
| 080 |
|
|
|a 7.071(=411.16)
|2 2011
|
| 080 |
|
|
|a 75.071.1
|2 2011
|
| 080 |
|
|
|a 75(437.6)
|2 2011
|
| 080 |
|
|
|a 741/744(437.6)
|2 2011
|
| 080 |
|
|
|a 7.036/.038
|2 2011
|
| 080 |
|
|
|a (437.6)
|2 2011
|
| 080 |
|
|
|a (083.824)
|2 2011
|
| 080 |
|
|
|a (047.53)
|2 2011
|
| 080 |
|
|
|a (048.8)
|2 2011
|
| 080 |
|
|
|a 929
|2 2011
|
| 100 |
1 |
|
|a Weisz-Kubínčan, Arnold Peter,
|d 1898-1945
|4 art
|9 163841
|
| 245 |
1 |
0 |
|a Arnold Peter Weisz-Kubínčan 1989-1945
|b umelcova (ťažká) batožina
|c koncepcia výstavy a katalógu Lucia G. Stach, Alexandra Homoľová ; texty Katarína Curtis, Lucia G. Stach, Alexandra Homoľová, Alexandra Kusá
|
| 246 |
3 |
0 |
|a Umelcova (ťažká) batožina
|
| 264 |
|
1 |
|a Bratislava
|b Slovenská národná galéria
|c 2019
|
| 300 |
|
|
|a 71 strán
|b fotografie, ilustrácie
|c 25 cm
|
| 336 |
|
|
|a text
|b txt
|2 rdacontent
|
| 336 |
|
|
|a statický obraz
|b sti
|2 rdacontent
|
| 337 |
|
|
|a bez média
|b n
|2 rdamedia
|
| 338 |
|
|
|a zväzok
|b nc
|2 rdacarrier
|
| 500 |
|
|
|a Katalóg vychádza k rovnomennej výstave v Slovenskej národnej galérii - Esterházyho paláci, Bratislava, 20.6.-10.11.2019
|
| 600 |
1 |
7 |
|a Weisz-Kubínčan, Arnold Peter,
|d 1898-1945
|2 SNKMA
|9 163841
|
| 648 |
|
7 |
|a 20. storočie
|2 SNKPH
|9 278343
|
| 648 |
|
7 |
|a 20th century
|2 SNKPHeng
|9 277995
|
| 650 |
0 |
7 |
|a židovskí umelci
|2 SNKPH
|9 101926
|
| 650 |
0 |
7 |
|a maliari
|2 SNKPH
|9 3150
|
| 650 |
0 |
7 |
|a slovenské maliarstvo
|2 SNKPH
|9 3124
|
| 650 |
0 |
7 |
|a slovenská kresba
|2 SNKPH
|9 88536
|
| 650 |
0 |
7 |
|a Jewish artists
|2 SNKPHeng
|9 346015
|
| 650 |
0 |
7 |
|a Painters
|2 SNKPHeng
|9 99679
|
| 650 |
0 |
7 |
|a Slovak painting
|2 SNKPHeng
|9 302574
|
| 650 |
0 |
7 |
|a Slovak drawing
|2 SNKPHeng
|9 314850
|
| 650 |
0 |
7 |
|a moderné umenie
|2 SNKPH
|9 68456
|
| 650 |
0 |
7 |
|a Modern art
|2 SNKPHeng
|9 294689
|
| 651 |
|
7 |
|a Slovensko
|2 SNKPH
|9 14231
|
| 651 |
|
7 |
|a Slovakia
|2 SNKPHeng
|9 92630
|
| 655 |
|
7 |
|a katalógy výstav
|2 SNKPH
|9 70445
|
| 655 |
|
7 |
|a rozhovory
|2 SNKPH
|9 31831
|
| 655 |
|
7 |
|a Exhibition catalogs
|2 SNKPHeng
|9 266232
|
| 655 |
|
7 |
|a Interviews
|2 SNKPHeng
|9 266520
|
| 655 |
|
7 |
|a monografie
|2 SNKPH
|9 70139
|
| 655 |
|
7 |
|a Monographs
|2 SNKPHeng
|9 120675
|
| 700 |
1 |
|
|a Gregorová Stach, Lucia
|4 aut
|4 ccp
|4 cur
|9 359885
|
| 700 |
1 |
|
|a Homoľová, Alexandra
|4 aut
|4 ccp
|4 cur
|9 297209
|
| 700 |
1 |
|
|a Curtis, Katarína
|4 aut
|9 359886
|
| 700 |
1 |
|
|a Kusá, Alexandra,
|d 1973-
|4 aut
|9 11706
|
| 919 |
|
|
|a 978-80-8059-222-6
|
| 999 |
|
|
|c 604580
|d 606510
|
| 952 |
|
|
|a SNK
|b SNK
|y PREZ
|7 0
|p 17A1389073
|o snkOSC 28827
|i snk2019/23813
|8 0
|0 0
|1 0
|4 0
|d 2019-09-24
|f 1
|l 0
|r 2026-02-23 16:05:12
|w 2026-02-23
|
| 952 |
|
|
|a SNK
|b SNK
|y VYP
|7 0
|p 17A1389074
|o snkOSC 28827 D1
|i snk2019/23814
|8 0
|0 0
|1 0
|4 0
|d 2019-09-24
|l 0
|r 2026-02-23 16:05:12
|w 2026-02-23
|